Nordický model štátu blahobytu bakalárska práca

Gespeichert in:
Bibliographische Detailangaben
1. Verfasser: Lukáčová, Natália
Körperschaft: Fakulta medzinárodných vzťahov EU. Katedra medzinárodných politických vzťahov
Weitere Verfasser: Škvrnda, František, ml., 1987-
Format: Buch
Sprache:Slowakisch
Veröffentlicht: Bratislava 2024
Tags: Tag hinzufügen
Keine Tags, Fügen Sie das erste Tag hinzu!

MARC

LEADER 00000nbm a2200000 4500
001 0301810
005 20250910103519.8
041 0 |a slo 
044 |a SK 
245 1 0 |a Nordický model štátu blahobytu  |b bakalárska práca  |c Natália Lukáčová ; školiteľ: František Škvrnda 
264 1 |a Bratislava  |c 2024 
300 |a 47 s. 
100 1 |a Lukáčová, Natália 
700 1 |a Škvrnda, František, ml., 1987- 
710 2 |a Fakulta medzinárodných vzťahov EU. Katedra medzinárodných politických vzťahov